|
|
|
|
| LEADER |
00000nam a22000007a 4500 |
| 005 |
2019100909529.0 |
| 007 |
cr|||| |||| |
| 008 |
191009s2019 cu |||||s|||| 00||0 spa d |
| 020 |
|
|
|a 9786139469406
|
| 035 |
|
|
|a 29764
|
| 040 |
|
|
|a vLex
|
| 090 |
|
|
|c 9769
|d 9769
|
| 100 |
1 |
|
|a Arias Sǹchez, Arturo Manuel
|
| 245 |
1 |
0 |
|a Constituciones polt̕icas de Cuba
|h [Recurso electrn̤ico] /
|c Arturo Manuel Arias Sǹchez
|
| 256 |
|
|
|a Servicio en ln̕ea
|
| 260 |
|
|
|a La Habana:
|b Editorial Acadm̌ica Espaǫla,
|c 2019
|
| 300 |
|
|
|a 1 recurso electrn̤ico
|
| 500 |
|
|
|a El texto que publica la Editorial Acadm̌ica Espaǫla, Constituciones polt̕icas de Cuba, deviene en obra complementaria de la que, esta propia entidad editorial, public ̤a inicios de aǫ bajo el tt̕ulo Breviario constitucional cubano, en razn̤ de que las disquisiciones que ofreci ̤el autor en el primero de sus libros, ahora hallan un oportuno complemento histr̤ico, el uno en el otro, si se cotejan las letras constitucionales cubanas, nacidas en las luchas de emancipacin̤ nacional y continuadas en los textos republicanos y socialistas. De manera tal, que el lector podr ̀apreciar la evolucin̤ histr̤ica constitucional de instituciones jurd̕icas como propiedad, familia, derechos individuales y r̤ganos de gobierno, entre otras, signando cada una de ellas el devenir de la nacin̤ cubana, largo camino iniciado con la promulgacin̤ de la Constitucin̤ de Guìmaro, de la Repb︢lica de Cuba en Armas, el 10 de abril de 1869, con su l︢tima parada, ahora, ciento cincuenta aǫs despuš, en la proclamacin̤ de su nueva Carta Magna.
|
| 506 |
1 |
|
|a Disponible solo en los productos indicados
|d vLex Global
|d vLex Global (Academic Edition, excluding Law Schools)
|d vLex Global (U.S. Academic Edition, Law Schools)
|d vLex Global (U.S. Academic Edition, excluding Law Schools)
|d vLex Global (Academic Edition, Law Schools)
|
| 650 |
0 |
4 |
|a Derecho Pb︢lico y Administrativo
|z Cuba
|
| 740 |
0 |
|
|a vLex Libros (Servicio en ln̕ea)
|
| 856 |
4 |
0 |
|u http://vlex.com/source/29764
|z Acceso restringido
|
| 942 |
|
|
|c BOOK
|
| 999 |
0 |
|
|a Public and Administrative Law
|